00487 a2200169 4500010001400000020002300014035001300037037001600050082001000066100001800076245005600094250001200150260004300162270005600205300002700261490002900288 aENG-89781 a8172762585c125.00 aEN-73314 bDBAD / PUB14a181.41 aRathnam, P.V.1 aDivine light:ba father's letters/cby P.V. Rathnam a2nd ed. aMumbai :bBharatiya Vidya Bhavanc2007 aKulapati K.M. Munshi Marg,bMumbaicMumbaie400 007 ax, 179p.c22 cm (pbk) aBhavan's Book University